000 01368nam a2200313 i 4500
003 DO-SdBNP
005 20250808134053.0
007 ta
008 250808b2025 dr ac||| |||| 00| 0 spa d
020 _a9789945224269
040 _aDO-SdBNP
_bspa
_cBNPHU
_erda
041 _aspa
082 4 _axxx
_bM561m
_222
100 1 _aMerilien, Elizee,
_eautor
_4aut.
_988470
245 1 0 _aMisión difícil :
_buna demostración de la fidelidad de Dios /
_cElizee Merilien ; prólogo, Dr. Josué Octeus, Rev. Víctor C. Baret B. ; introducción, Dr. Josué Octeus.
250 _aPrimera edición
264 4 _aSanto Domingo, República Dominicana :
_bEditora Búho, S.R.L.
_c©2025.
300 _a125 páginas :
_bilustraciones, retratos ;
_c22 cm.
336 _atexto
_btxt
_2rdacontent
337 _asin mediación
_bn
_2rdamedia
338 _avolumen
_bnc
_2rdacarrier
505 _aPrólogos, 15 -- Palabras del autor, 20 -- Introducción, 23 -- Primera parte. Infancia y educación, 31 -- Segunda parte. La misión, 55 -- Tercera parte. La familia, 65 -- Cuarta parte. El ministerio, 89 -- Conclusión, 123
590 _aInventariado, 2025 /LP
700 1 _aOcteus, Josué,
_eprologuista
_4pr.
_988472
700 1 _aBaret B., Víctor C.,
_eprologuista
_4pr.
_948916
700 1 _aOcteus, Josué,
_eintroducción
_4introd.
_988472
910 _aLPérez
942 _2ddc
_cLBS1
999 _c59739
_d59739